000 00530cam a22001817a 4500
008 180718b2000 xxu||||| |||| 00| 0 eng d
020 _a0631220429
082 _aQx42 M119
245 _aNew risks, new welfare: signposts for social policy
_cedited by Nick Manning and Ian Shaw
260 _aOxford
_bBlackwell
_c2000
300 _a158p.
650 _aGreat Britain - Social policy, 1979
650 _aPublic welfare
650 _aSocial problems
650 _aSocial policy
700 _aShaw, Ian
700 _aManning, Nick
999 _c394914
_d394914